| 000 | 00525nam a2200181Ia 4500 | ||
|---|---|---|---|
| 005 | 20250423100311.0 | ||
| 008 | 250422s9999 xx 000 0 und d | ||
| 020 | _a9780954702335 | ||
| 050 | _aPR 9390.9 .D36 .N47/ | ||
| 100 | _aDangarembga, Tsitsi | ||
| 245 | 0 | _aNervous conditions : a novel | |
| 260 | _aUK | ||
| 260 | _bAyebia Clarke pub | ||
| 260 | _c2004 | ||
| 300 | _a211 p | ||
| 650 | _aWomen--Zimbabwe--Fiction. Girls--Africa--Fiction. Zimbabwe--Fiction. Zimbabwe--Colonial influence--Fiction. | ||
| 942 | _cBK | ||
| 999 |
_c32886 _d32886 |
||